[Event "Chigorin Memorial 25th"]
[Site "St Petersburg"]
[Date "2017.10.29"]
[Round "9"]
[White "Scheglov, Dmitry"]
[Black "Biriukov, Oleg V"]
[Result "0-1"]
[WhiteElo "2155"]
[BlackElo "2336"]
[PlyCount "110"]
[EventDate "2017.10.21"]
[EventType "swiss"]
[EventRounds "9"]
[EventCountry "RUS"]
[SourceTitle "CBM 181 Extra"]
[Source "ChessBase"]
[SourceDate "2017.12.12"]
[SourceVersion "1"]
[SourceVersionDate "2017.12.12"]
[SourceQuality "1"]

1. e4 e6 2. d4 d5 3. Nd2 c5 4. c3 cxd4 5. cxd4 dxe4 6. Nxe4 Nf6 7. Nc3 Be7 8. Nf3 0-0 9. Bd3 Nc6 10. 0-0 b6 11. a3 Bb7 12. Re1 Rc8 13. Bb1 Rc7 14. Be3 Nd5 15. Qd3 g6 16. Ne4 Nxe3 17. fxe3 Rd7 18. Ba2 Re8 19. Rf1 Bf8 20. Rad1 Bg7 21. h4 Ne5 22. Nxe5 Bxe5 23. Ng5 Bf6 24. Ne4 Bxh4 25. Bc4 Qa8 26. Rf4 Bd8 27. Rdf1 Bd5 28. Bb5 Bc6 29. Bc4 f5 30. Qb3 Kf7 31. Ng3 Bd5 32. e4 Bxc4 33. Qxc4 Kg7 34. d5 e5 35. Qc3 Kg8 36. Nxf5 gxf5 37. Rxf5 Qb8 38. Qf3 Qd6 39. Rc1 Rc7 40. Rxc7 Qxc7 41. Qh5 Rf8 42. Rxf8+ Kxf8 43. Qf5+ Kg7 44. Qg4+ Kh8 45. Qe6 Qe7 46. Qf5 Qf6 47. Qd7 Be7 48. b4 a5 49. Qb5 axb4 50. axb4 Qd6 51. Qe8+ Kg7 52. b5 Qf6 53. g3 Bc5+ 54. Kg2 Kh6 55. Qd7 Kg5 0-1

[Event "Chigorin Memorial 24th"]
[Site "St Petersburg"]
[Date "2016.10.18"]
[Round "4"]
[White "Biriukov, Oleg V"]
[Black "Schetchikov, Vladimir Mikhailo"]
[Result "1-0"]
[WhiteElo "2327"]
[BlackElo "1967"]
[PlyCount "51"]
[EventDate "2016.10.15"]
[EventType "swiss"]
[EventRounds "9"]
[EventCountry "RUS"]
[SourceTitle "CBM 175 Extra"]
[Source "ChessBase"]
[SourceDate "2016.12.12"]
[SourceVersion "1"]
[SourceVersionDate "2016.12.12"]
[SourceQuality "1"]

1. d4 Nf6 2. c4 e6 3. Nc3 b6 4. e4 Bb7 5. Bd3 Bb4 6. Qc2 c5 7. d5 e5 8. Nge2 d6 9. 0-0 Bxc3 10. Qxc3 Nbd7 11. Ng3 g6 12. f4 Qe7 13. fxe5 Qxe5 14. Bf4 Qxc3 15. bxc3 Ke7 16. Bg5 h6 17. Bh4 Bc8 18. Rad1 g5 19. Nf5+ Kf8 20. Bg3 Ne8 21. Nxd6 f6 22. Nxc8 Rxc8 23. e5 Kg7 24. e6 Nf8 25. Bf5 Ng6 26. d6 1-0

[Event "Chigorin Memorial 24th"]
[Site "St Petersburg"]
[Date "2016.10.17"]
[Round "3"]
[White "Volkov, Roman"]
[Black "Biriukov, Oleg V"]
[Result "0-1"]
[WhiteElo "2067"]
[BlackElo "2327"]
[PlyCount "106"]
[EventDate "2016.10.15"]
[EventType "swiss"]
[EventRounds "9"]
[EventCountry "RUS"]
[SourceTitle "CBM 175 Extra"]
[Source "ChessBase"]
[SourceDate "2016.12.12"]
[SourceVersion "1"]
[SourceVersionDate "2016.12.12"]
[SourceQuality "1"]

1. e4 c5 2. Nf3 d6 3. d4 cxd4 4. Nxd4 Nf6 5. Nc3 a6 6. g3 e5 7. Nde2 Be7 8. Bg2 b5 9. Nd5 Nxd5 10. Qxd5 Ra7 11. 0-0 Be6 12. Qd1 Nd7 13. Be3 Rb7 14. Nc3 h6 15. f4 Nf6 16. h3 0-0 17. Nd5 Bxd5 18. exd5 exf4 19. Bxf4 Nd7 20. Kh2 Rb6 21. Be3 Rb8 22. c3 Bg5 23. Bd4 Bf6 24. Rxf6 Nxf6 25. Qd2 Nd7 26. Rf1 Re8 27. Qf4 Qe7 28. Be4 Ne5 29. Qf5 g6 30. Qf2 f5 31. Bc2 Rf8 32. Kh1 Rbe8 33. Qf4 Qg5 34. Qf2 Nc4 35. h4 Qd2 36. Qxd2 Nxd2 37. Rf2 Re1+ 38. Kh2 Nf1+ 39. Kg2 Ne3+ 40. Bxe3 Rxe3 41. h5 gxh5 42. Bxf5 Kg7 43. a3 Re1 44. Bd3 Rd1 45. Be2 Rxf2+ 46. Kxf2 Rd2 47. b3 Rb2 48. a4 Rxb3 49. axb5 axb5 50. c4 b4 51. Bxh5 Rc3 52. Bg4 Kf6 53. Ke2 Rxc4 0-1

[Event "Chigorin Memorial 24th"]
[Site "St Petersburg"]
[Date "2016.10.15"]
[Round "1"]
[White "Shapiyanov, Adam"]
[Black "Biriukov, Oleg V"]
[Result "0-1"]
[WhiteElo "1857"]
[BlackElo "2327"]
[PlyCount "148"]
[EventDate "2016.10.15"]
[EventType "swiss"]
[EventRounds "9"]
[EventCountry "RUS"]
[SourceTitle "CBM 175 Extra"]
[Source "ChessBase"]
[SourceDate "2016.12.12"]
[SourceVersion "1"]
[SourceVersionDate "2016.12.12"]
[SourceQuality "1"]

1. e4 c5 2. Nf3 d6 3. d4 cxd4 4. Nxd4 Nf6 5. Nc3 a6 6. Be3 e6 7. f3 b5 8. Qd2 Nbd7 9. g4 h6 10. 0-0-0 Bb7 11. h4 b4 12. Nce2 d5 13. exd5 Nxd5 14. Bf2 Ne5 15. Ng3 Rc8 16. Kb1 Bd6 17. Ne4 Bb8 18. g5 hxg5 19. Nxg5 Qf6 20. Rg1 0-0 21. Ne4 Qf4 22. Qxf4 Nxf4 23. Bg3 Nxf3 24. Nxf3 Bxe4 25. Nd4 e5 26. Re1 Bh7 27. Bxf4 exd4 28. Bxb8 Bxc2+ 29. Kc1 Bg6+ 30. Kd1 Rxb8 31. Bxa6 Rb6 32. Bc4 Rf6 33. Re5 Rf5 34. Re7 Bh5+ 35. Ke1 Rf4 36. Rh1 Rc8 37. b3 Rc5 38. Rf1 Rxf1+ 39. Kxf1 Rf5+ 40. Kg2 Rf4 41. Kg3 Rf3+ 42. Kg2 Rc3 43. Rd7 Rc2+ 44. Kg3 Rxa2 45. Rxd4 Bg6 46. Bd5 Ra5 47. Bc4 Kh7 48. Rd7 f5 49. Rb7 Re5 50. Rxb4 Re3+ 51. Kf4 Rh3 52. Ke5 Kh6 53. Be6 Re3+ 54. Kd6 Re4 55. Rb5 Rf4 56. Ke5 Rxh4 57. Bd5 Rh2 58. Rb7 Re2+ 59. Kf4 Rf2+ 60. Kg3 Rd2 61. Bc4 Bh5 62. b4 Be2 63. Be6 g6 64. b5 Rd6 65. Bc8 Kg5 66. b6 Ba6 67. Rc7 Bxc8 68. b7 Bxb7 69. Rxb7 Rd3+ 70. Kf2 f4 71. Rb6 Kf5 72. Rb8 g5 73. Rf8+ Kg4 74. Rg8 Rd2+ 0-1

[Event "Chigorin Memorial 23rd"]
[Site "St Petersburg"]
[Date "2015.10.08"]
[Round "6"]
[White "Soffer, Ram"]
[Black "Biriukov, Oleg V"]
[Result "1-0"]
[WhiteElo "2479"]
[BlackElo "2323"]
[PlyCount "47"]
[EventDate "2015.10.03"]
[EventType "swiss"]
[EventRounds "9"]
[EventCountry "RUS"]
[SourceTitle "CBM 168 Extra"]
[Source "ChessBase"]
[SourceDate "2015.10.29"]
[SourceVersion "1"]
[SourceVersionDate "2015.10.29"]
[SourceQuality "1"]

1. e4 c5 2. Nf3 d6 3. Bb5+ Bd7 4. Bxd7+ Qxd7 5. c4 Nf6 6. Nc3 g6 7. d4 cxd4 8. Nxd4 Bg7 9. b3 Nc6 10. Bb2 Qg4 11. Qxg4 Nxg4 12. Nxc6 bxc6 13. h3 Ne5 14. 0-0-0 Nd7 15. f4 Bh6 16. g3 0-0 17. Kc2 Rfd8 18. Ba3 Bg7 19. e5 Nc5 20. Bxc5 dxc5 21. Ne4 f6 22. e6 f5 23. Nxc5 Rd6 24. Rhe1 1-0

[Event "Chigorin Memorial 23rd"]
[Site "St Petersburg"]
[Date "2015.10.04"]
[Round "2"]
[White "Kozyakov, Andrey"]
[Black "Biriukov, Oleg V"]
[Result "0-1"]
[WhiteElo "1628"]
[BlackElo "2323"]
[PlyCount "70"]
[EventDate "2015.10.03"]
[EventType "swiss"]
[EventRounds "9"]
[EventCountry "RUS"]
[SourceTitle "CBM 168 Extra"]
[Source "ChessBase"]
[SourceDate "2015.10.29"]
[SourceVersion "1"]
[SourceVersionDate "2015.10.29"]
[SourceQuality "1"]

1. e4 c5 2. Nf3 d6 3. d4 cxd4 4. Nxd4 Nf6 5. Nc3 a6 6. Be3 e6 7. f3 b5 8. Qd2 Nbd7 9. g4 h6 10. h4 b4 11. Nce2 d5 12. exd5 Nxd5 13. Bf2 Bb7 14. Bg2 Ne5 15. c3 Nc4 16. Qc2 Qd7 17. Qb3 Rc8 18. Rc1 a5 19. cxb4 Bxb4+ 20. Nc3 a4 21. Qd1 Nce3 22. Bxe3 Nxe3 23. Qd2 Nxg2+ 24. Kf2 e5 25. Kxg2 Qxg4+ 26. Kf2 Qxd4+ 27. Qxd4 exd4 28. Nxa4 0-0 29. a3 Bd2 30. Rcd1 Be3+ 31. Kg3 f5 32. b4 f4+ 33. Kg4 Rc2 34. Rhf1 Bc8+ 35. Kh5 Rf5+ 0-1

[Event "Chigorin Memorial 22nd"]
[Site "St Petersburg"]
[Date "2014.10.26"]
[Round "9"]
[White "Biriukov, Oleg V"]
[Black "Matinian, Nikita"]
[Result "0-1"]
[WhiteElo "2327"]
[BlackElo "2470"]
[PlyCount "70"]
[EventDate "2014.10.18"]
[EventType "swiss"]
[EventRounds "9"]
[EventCountry "RUS"]
[SourceTitle "EXT 2015"]
[Source "ChessBase"]
[SourceDate "2014.11.20"]
[SourceVersion "1"]
[SourceVersionDate "2014.11.20"]
[SourceQuality "1"]

1. d4 d6 2. Nf3 g6 3. c4 Bg7 4. Nc3 Bg4 5. e3 Nc6 6. Be2 Nf6 7. h3 Bxf3 8. Bxf3 0-0 9. 0-0 Nd7 10. Rb1 e5 11. d5 Ne7 12. e4 f5 13. h4 Nf6 14. h5 Nxh5 15. Bxh5 gxh5 16. Qxh5 f4 17. Rd1 Rf6 18. Rd3 Rh6 19. Qg4 Rg6 20. Qh5 Kh8 21. Rh3 Qg8 22. Kf1 Bf6 23. Bd2 Rf8 24. Nb5 Rf7 25. Nxc7 Rxg2 26. Rh1 Nf5 27. exf5 Rxc7 28. b3 Rg5 29. Qh6 Rxf5 30. Bb4 f3 31. Bxd6 Qg2+ 32. Ke1 Rg7 33. Bc5 Bg5 34. Qh3 b6 35. Bf8 Rxf8 0-1

[Event "Chigorin Memorial 22nd"]
[Site "St Petersburg"]
[Date "2014.10.20"]
[Round "3"]
[White "Lintchevski, Daniil"]
[Black "Biriukov, Oleg V"]
[Result "1-0"]
[WhiteElo "2555"]
[BlackElo "2327"]
[PlyCount "101"]
[EventDate "2014.10.18"]
[EventType "swiss"]
[EventRounds "9"]
[EventCountry "RUS"]
[SourceTitle "EXT 2015"]
[Source "ChessBase"]
[SourceDate "2014.11.20"]
[SourceVersion "1"]
[SourceVersionDate "2014.11.20"]
[SourceQuality "1"]

1. g3 d5 2. Nf3 c5 3. Bg2 Nc6 4. d4 Nf6 5. 0-0 e6 6. c4 dxc4 7. dxc5 Qxd1 8. Rxd1 Bxc5 9. Nbd2 c3 10. bxc3 0-0 11. Nb3 Be7 12. Nfd4 Bd7 13. Nxc6 Bxc6 14. Bxc6 bxc6 15. c4 a5 16. Bg5 a4 17. Nd4 Rfc8 18. Rab1 Bc5 19. Bxf6 gxf6 20. Nf3 Rd8 21. Ne1 Rxd1 22. Rxd1 Rb8 23. Nd3 Ba3 24. f3 Rd8 25. e3 Kf8 26. Kf2 Ke7 27. Ke2 Rb8 28. Kd2 Kd6 29. Kc2 Kc7 30. Rg1 Bf8 31. g4 Bd6 32. f4 Kd7 33. Rg3 Rg8 34. Nf2 Ke7 35. Rh3 Rg7 36. Rh6 f5 37. g5 Bc5 38. Kd2 Bb4+ 39. Ke2 Bd6 40. Nd3 Kf8 41. c5 Be7 42. Kd2 Kg8 43. Kc3 Kh8 44. Kc4 Bd8 45. Ne5 Bc7 46. Nxc6 Rg8 47. Ne5 Bxe5 48. fxe5 Rxg5 49. c6 Rg2 50. Rh4 Rxa2 51. Kc5 1-0

[Event "St Petersburg Summer rapid"]
[Site "St Petersburg"]
[Date "2014.08.30"]
[Round "2"]
[White "Lysyj, Igor"]
[Black "Biriukov, Oleg V"]
[Result "1/2-1/2"]
[WhiteElo "2683"]
[BlackElo "2327"]
[PlyCount "147"]
[EventDate "2014.08.30"]
[EventType "swiss (rapid)"]
[EventRounds "11"]
[EventCountry "RUS"]
[SourceTitle "CBM 162 Extra"]
[Source "ChessBase"]
[SourceDate "2014.10.17"]
[SourceVersion "1"]
[SourceVersionDate "2014.10.17"]
[SourceQuality "1"]

1. Nf3 Nf6 2. c4 b6 3. g3 Bb7 4. Bg2 e6 5. 0-0 Be7 6. b3 0-0 7. Bb2 c5 8. e3 d5 9. Nc3 Nbd7 10. Qe2 Ne4 11. cxd5 Nxc3 12. dxc3 exd5 13. Rfd1 Qc7 14. Ne1 Nf6 15. c4 dxc4 16. bxc4 Bxg2 17. Nxg2 Qc6 18. Nf4 Rad8 19. Bxf6 Rxd1+ 20. Rxd1 Bxf6 21. Nd5 Re8 22. Qc2 g6 23. a4 Bg7 24. h4 h5 25. Qb3 Kh7 26. Qb5 Qxb5 27. axb5 Rd8 28. Rd2 Rd6 29. Kg2 f5 30. Ra2 Rd7 31. f4 Kg8 32. Kf3 Kf7 33. e4 Bd4 34. Re2 Rb7 35. Re1 Rd7 36. Rc1 Rb7 37. Rc2 Rd7 38. Ra2 Rb7 39. Re2 Rd7 40. e5 Ke6 41. Rd2 Rb7 42. Ke2 Rd7 43. Kd1 Rb7 44. Kc2 Rd7 45. Kb3 Rb7 46. Nb4 Bxe5 47. fxe5 cxb4 48. Rd6+ Kxe5 49. Rxg6 Rd7 50. Kxb4 Rd3 51. Rg7 Rf3 52. c5 bxc5+ 53. Kxc5 Ra3 54. Rg6 Ra1 55. Rg5 Rc1+ 56. Kb4 Rb1+ 57. Kc4 Rc1+ 58. Kd3 Rb1 59. Rxh5 Rb3+ 60. Kc4 Rxg3 61. Rh7 Ra3 62. h5 Kf6 63. h6 Kg6 64. Rh8 f4 65. Kb4 Ra1 66. Rf8 Rf1 67. h7 Kxh7 68. Rf7+ Kg6 69. Rxa7 f3 70. Ra2 Rb1+ 71. Kc5 Kf5 72. b6 Kf4 73. Kc6 Kg3 74. b7 1/2-1/2

[Event "Chigorin Memorial 21st"]
[Site "St Petersburg"]
[Date "2013.10.12"]
[Round "8"]
[White "Sivuk, Vitaly"]
[Black "Biriukov, Oleg V"]
[Result "1-0"]
[WhiteElo "2517"]
[BlackElo "2328"]
[PlyCount "55"]
[EventDate "2013.10.05"]
[EventType "swiss"]
[EventRounds "9"]
[EventCountry "RUS"]
[SourceTitle "CBM 156 Extra"]
[Source "ChessBase"]
[SourceDate "2013.10.22"]
[SourceVersion "1"]
[SourceVersionDate "2013.10.22"]
[SourceQuality "1"]

1. e4 c5 2. Nf3 d6 3. Bb5+ Bd7 4. Bxd7+ Qxd7 5. c4 Nf6 6. Nc3 g6 7. d4 cxd4 8. Nxd4 Bg7 9. f3 0-0 10. Be3 Rc8 11. b3 Nc6 12. 0-0 Nxd4 13. Bxd4 Ne8 14. Bxg7 Kxg7 15. f4 Qc7 16. Qd4+ Kg8 17. Nd5 Qd8 18. f5 Nc7 19. Ne3 f6 20. Rad1 Kg7 21. h4 b5 22. fxg6 hxg6 23. e5 dxe5 24. Qg4 Qe8 25. h5 e6 26. h6+ Kxh6 27. Qh4+ Kg7 28. Qxf6+ 1-0

[Event "Chigorin Memorial 21st"]
[Site "St Petersburg"]
[Date "2013.10.07"]
[Round "3"]
[White "Biriukov, Oleg V"]
[Black "Gogin, Maksim"]
[Result "0-1"]
[WhiteElo "2328"]
[BlackElo "2075"]
[PlyCount "70"]
[EventDate "2013.10.05"]
[EventType "swiss"]
[EventRounds "9"]
[EventCountry "RUS"]
[SourceTitle "CBM 156 Extra"]
[Source "ChessBase"]
[SourceDate "2013.10.22"]
[SourceVersion "1"]
[SourceVersionDate "2013.10.22"]
[SourceQuality "1"]

1. d4 Nf6 2. c4 c5 3. d5 b5 4. cxb5 a6 5. bxa6 g6 6. Nc3 Bxa6 7. g3 d6 8. Bg2 Nbd7 9. Nf3 Bg7 10. Rb1 Nb6 11. b3 Bc8 12. Nh4 h6 13. Qd3 Qd7 14. 0-0 g5 15. Nf3 Bb7 16. Ne1 0-0 17. h3 Rfb8 18. Nc2 e6 19. dxe6 Qxe6 20. e4 Ba6 21. Qd2 Bxf1 22. Kxf1 Nfd7 23. Bb2 Nc4 24. bxc4 Qxc4+ 25. Kg1 Bxc3 26. Bxc3 Rxb1+ 27. Kh2 Ne5 28. Ne3 Qd3 29. Qxd3 Nxd3 30. e5 Rd8 31. exd6 Rxd6 32. Nf5 Ra6 33. Bd5 Rc1 34. Bg7 c4 35. Bxh6 Rxa2 0-1

[Event "Chigorin Memorial 20th"]
[Site "St Petersburg"]
[Date "2012.11.04"]
[Round "9"]
[White "Popov, Valerij"]
[Black "Biriukov, Oleg V"]
[Result "1-0"]
[WhiteElo "2577"]
[BlackElo "2327"]
[PlyCount "43"]
[EventDate "2012.10.27"]
[EventType "swiss"]
[EventRounds "9"]
[EventCountry "RUS"]
[SourceTitle "EXT 2013"]
[Source "ChessBase"]
[SourceDate "2012.11.22"]
[SourceVersion "1"]
[SourceVersionDate "2012.11.22"]
[SourceQuality "1"]

1. d4 Nf6 2. Nf3 e6 3. g3 d5 4. Bg2 Be7 5. 0-0 0-0 6. c4 dxc4 7. Qc2 a6 8. Qxc4 b5 9. Qc2 Bb7 10. Bd2 Be4 11. Qc1 Qc8 12. b4 Nc6 13. Nc3 Nxb4 14. Nxe4 Nxe4 15. Bxb4 Bxb4 16. Qb1 Bc3 17. Qxe4 Bxa1 18. Ng5 g6 19. Qh4 h5 20. Bxa8 Bxd4 21. Qxd4 Qxa8 22. Rd1 1-0

[Event "Chigorin Memorial 20th"]
[Site "St Petersburg"]
[Date "2012.11.03"]
[Round "8"]
[White "Biriukov, Oleg V"]
[Black "Eliseev, Urii"]
[Result "0-1"]
[WhiteElo "2327"]
[BlackElo "2486"]
[PlyCount "121"]
[EventDate "2012.10.27"]
[EventType "swiss"]
[EventRounds "9"]
[EventCountry "RUS"]
[SourceTitle "EXT 2013"]
[Source "ChessBase"]
[SourceDate "2012.11.22"]
[SourceVersion "1"]
[SourceVersionDate "2012.11.22"]
[SourceQuality "1"]

1. d4 c5 2. d5 d6 3. e4 g6 4. Nc3 Bg7 5. Nf3 Nf6 6. Be2 0-0 7. 0-0 Na6 8. Nd2 Nc7 9. a4 b6 10. Nc4 Ba6 11. Bf4 Nd7 12. g3 Rb8 13. Qd2 Bxc4 14. Bxc4 a6 15. Rfb1 Qc8 16. Be2 b5 17. Ra2 Kh8 18. Nd1 Nf6 19. Bf3 Ng4 20. b3 Re8 21. h3 Ne5 22. Bg2 e6 23. Ne3 Rb6 24. a5 Rb8 25. c3 b4 26. c4 exd5 27. exd5 Qd7 28. Rd1 Re7 29. Qc1 f5 30. Nf1 Ne8 31. Nh2 Nf6 32. Bg5 Rbe8 33. Nf3 Nf7 34. Bxf6 Bxf6 35. Re1 g5 36. Rxe7 Rxe7 37. Kf1 g4 38. Ng1 Ng5 39. Qd1 Be5 40. Re2 h6 41. h4 Nh7 42. Qe1 Kg7 43. f4 Bf6 44. Rxe7+ Qxe7 45. Qe6 Qxe6 46. dxe6 Nf8 47. Bb7 Nxe6 48. Bxa6 Nd4 49. Bc8 Bd8 50. a6 Bb6 51. Ne2 Nxb3 52. Bxf5 Nd2+ 53. Ke1 Nxc4 54. Bxg4 Ne3 55. Bf3 d5 56. g4 c4 57. f5 b3 58. g5 hxg5 59. hxg5 b2 60. f6+ Kg6 61. Nc3 0-1

[Event "Chigorin Memorial 20th"]
[Site "St Petersburg"]
[Date "2012.10.28"]
[Round "2"]
[White "Shomoev, Anton"]
[Black "Biriukov, Oleg V"]
[Result "1-0"]
[WhiteElo "2571"]
[BlackElo "2327"]
[PlyCount "65"]
[EventDate "2012.10.27"]
[EventType "swiss"]
[EventRounds "9"]
[EventCountry "RUS"]
[SourceTitle "EXT 2013"]
[Source "ChessBase"]
[SourceDate "2012.11.22"]
[SourceVersion "1"]
[SourceVersionDate "2012.11.22"]
[SourceQuality "1"]

1. c4 c5 2. Nf3 g6 3. d4 cxd4 4. Nxd4 Nc6 5. e4 Nf6 6. Nc3 d6 7. Nc2 Bg7 8. Be2 0-0 9. 0-0 Nd7 10. Bd2 Nc5 11. b3 Bxc3 12. Bxc3 Nxe4 13. Bb2 Be6 14. Qc1 f5 15. Bf3 Nf6 16. Re1 Bf7 17. Qh6 Qc7 18. Bxc6 bxc6 19. Nd4 e5 20. Nxf5 gxf5 21. Qxf6 Bg6 22. Qe6+ Rf7 23. Rad1 Rd8 24. c5 d5 25. Rxe5 Qd7 26. f4 Qxe6 27. Rxe6 Rc7 28. Be5 Rcc8 29. Re7 a6 30. Rd4 Re8 31. Rd7 Rcd8 32. Rc7 Rc8 33. Rb7 1-0

[Event "St Petersburg Botvinnik Memorial op"]
[Site "St Petersburg"]
[Date "2012.08.30"]
[Round "6"]
[White "Manin, Viktor L"]
[Black "Biriukov, Oleg V"]
[Result "0-1"]
[WhiteElo "2181"]
[BlackElo "2332"]
[PlyCount "120"]
[EventDate "2012.08.25"]
[EventType "swiss"]
[EventRounds "9"]
[EventCountry "RUS"]
[SourceTitle "CBM 150 Extra"]
[Source "ChessBase"]
[SourceDate "2012.10.19"]
[SourceVersion "1"]
[SourceVersionDate "2012.10.19"]
[SourceQuality "1"]

1. d4 Nf6 2. g3 d5 3. c4 c6 4. Qc2 dxc4 5. Qxc4 Qd5 6. Qxd5 cxd5 7. Nc3 Nc6 8. Bf4 Bf5 9. Nf3 e6 10. Bg2 Ne4 11. 0-0 Nxc3 12. bxc3 Be7 13. c4 Be4 14. cxd5 exd5 15. Rfd1 f6 16. Bh3 Ba3 17. Bc1 Bd6 18. Ne1 Kf7 19. Bb2 Ne7 20. f3 Bf5 21. Bg2 Rac8 22. h3 Bxg3 23. e4 Be6 24. Nd3 b6 25. a4 a5 26. Ba3 Rc4 27. Rab1 Rb8 28. Nb2 Rc3 29. Rd3 Rbc8 30. Bf1 Rc2 31. Nd1 Bh2+ 32. Kh1 dxe4 33. fxe4 Bc4 34. Rf3 Bxf1 35. Rxf1 Bc7 36. Bxe7 Kxe7 37. Rf3 Bd8 38. Ne3 Rc1+ 39. Rf1 Rxf1+ 40. Rxf1 Kd7 41. h4 Rc3 42. Re1 Ra3 43. h5 g6 44. h6 Rxa4 45. Rd1 Ra2 46. Nd5 Re2 47. e5 fxe5 48. dxe5 Rxe5 49. Nxb6+ Ke8 50. Nc4 Rh5+ 51. Kg2 Bc7 52. Ne3 Rh2+ 53. Kf3 Rxh6 54. Ng4 Rh3+ 55. Ke4 Bd8 56. Ke5 h5 57. Nf2 Re3+ 58. Ne4 a4 59. Rd4 a3 60. Ra4 Kf7 0-1

[Event "St Petersburg Botvinnik 100 op"]
[Site "St Petersburg"]
[Date "2011.08.19"]
[Round "8"]
[White "Tsydypov, Zhamsaran"]
[Black "Biriukov, Oleg V"]
[Result "1-0"]
[WhiteElo "2247"]
[BlackElo "2339"]
[PlyCount "57"]
[EventDate "2011.08.12"]
[EventType "swiss"]
[EventRounds "9"]
[EventCountry "RUS"]
[SourceTitle "CBM 143 Extra"]
[Source "ChessBase"]
[SourceDate "2011.08.29"]
[SourceVersion "1"]
[SourceVersionDate "2011.08.29"]
[SourceQuality "1"]

1. e4 c5 2. Nf3 d6 3. d4 cxd4 4. Nxd4 Nf6 5. Nc3 a6 6. Be2 e6 7. g4 d5 8. exd5 Nxd5 9. Nxd5 Qxd5 10. Bf3 Qa5+ 11. Bd2 Bb4 12. c3 Be7 13. Qb3 Qc7 14. 0-0-0 Nd7 15. Rde1 Nc5 16. Qc2 Bd7 17. Bg2 Bd6 18. Kb1 0-0 19. h4 Bf4 20. Be3 Bxe3 21. fxe3 Rab8 22. g5 Rbd8 23. Rd1 g6 24. h5 Qg3 25. Bf3 Qe5 26. Qf2 Ne4 27. Qh4 Nxg5 28. hxg6 fxg6 29. Rdg1 1-0

[Event "St Petersburg Botvinnik 100 op"]
[Site "St Petersburg"]
[Date "2011.08.12"]
[Round "1"]
[White "Biriukov, Oleg V"]
[Black "Zheleznaykov, Peter"]
[Result "1-0"]
[WhiteElo "2339"]
[BlackElo "1962"]
[PlyCount "89"]
[EventDate "2011.08.12"]
[EventType "swiss"]
[EventRounds "9"]
[EventCountry "RUS"]
[SourceTitle "CBM 143 Extra"]
[Source "ChessBase"]
[SourceDate "2011.08.29"]
[SourceVersion "1"]
[SourceVersionDate "2011.08.29"]
[SourceQuality "1"]

1. d4 d5 2. c4 e6 3. Nf3 Nf6 4. g3 dxc4 5. Bg2 c5 6. 0-0 Nc6 7. Ne5 Nxe5 8. dxe5 Qxd1 9. Rxd1 Nd5 10. Na3 Bd7 11. Nxc4 Bc6 12. Na5 Be7 13. Nxc6 bxc6 14. Bd2 0-0 15. Rac1 Rab8 16. b3 h6 17. Bf1 Rfd8 18. Ba5 Re8 19. e4 Nb6 20. Bd2 Red8 21. Be3 Rxd1 22. Rxd1 Kf8 23. Rc1 Nd7 24. f4 Ke8 25. Kf2 Bf8 26. Be2 Rb6 27. h4 Rb4 28. Kf3 Rb8 29. Bc4 Be7 30. Ke2 Bf8 31. g4 Rd8 32. g5 hxg5 33. hxg5 g6 34. Rh1 Bg7 35. Ba6 Rb8 36. Rc1 Bf8 37. Bd2 Bg7 38. Ba5 Bf8 39. Bc7 Rb4 40. Kf3 Rd4 41. Bb7 Rd3+ 42. Ke2 Rd4 43. Bxc6 Be7 44. Ba5 Kf8 45. Bc3 1-0

[Event "Pardubice Czech op 22nd"]
[Site "Pardubice"]
[Date "2011.07.30"]
[Round "9"]
[White "Biriukov, Oleg V"]
[Black "De la Villa Garcia, Jesus Maria"]
[Result "1/2-1/2"]
[WhiteElo "2339"]
[BlackElo "2490"]
[PlyCount "64"]
[EventDate "2011.07.22"]
[EventType "swiss"]
[EventRounds "9"]
[EventCountry "CZE"]
[SourceTitle "CBM 143 Extra"]
[Source "ChessBase"]
[SourceDate "2011.08.29"]
[SourceVersion "1"]
[SourceVersionDate "2011.08.29"]
[SourceQuality "1"]

1. d4 Nf6 2. c4 e6 3. Nc3 Bb4 4. Qc2 0-0 5. a3 Bxc3+ 6. Qxc3 b6 7. Bg5 Ba6 8. Qf3 Nc6 9. e3 Na5 10. Rc1 c5 11. d5 Rc8 12. h4 exd5 13. cxd5 Bxf1 14. Kxf1 Nb3 15. Rd1 Re8 16. Bxf6 Qxf6 17. Qxf6 gxf6 18. Ne2 Re5 19. Rh3 c4 20. g4 b5 21. Nc3 Rc5 22. f4 Re8 23. e4 d6 24. Re3 Kf8 25. Kf2 a5 26. Kf3 b4 27. axb4 axb4 28. Na2 Rb5 29. Nc1 Na1 30. Na2 Nb3 31. Nc1 Na1 32. Na2 Nb3 1/2-1/2

[Event "Pardubice Czech op 22nd"]
[Site "Pardubice"]
[Date "2011.07.29"]
[Round "8"]
[White "Llaneza Vega, Marcos"]
[Black "Biriukov, Oleg V"]
[Result "1/2-1/2"]
[WhiteElo "2465"]
[BlackElo "2339"]
[PlyCount "55"]
[EventDate "2011.07.22"]
[EventType "swiss"]
[EventRounds "9"]
[EventCountry "CZE"]
[SourceTitle "CBM 143 Extra"]
[Source "ChessBase"]
[SourceDate "2011.08.29"]
[SourceVersion "1"]
[SourceVersionDate "2011.08.29"]
[SourceQuality "1"]

1. e4 c5 2. Nc3 Nc6 3. Nf3 g6 4. Bb5 Bg7 5. 0-0 e5 6. d3 Nge7 7. Bg5 h6 8. Be3 Nd4 9. a4 Nxb5 10. axb5 b6 11. Nd2 d5 12. exd5 Nxd5 13. Nxd5 Qxd5 14. Qe2 0-0 15. Ra3 Bb7 16. f3 Qd7 17. c4 a6 18. bxa6 Rxa6 19. Rxa6 Bxa6 20. Ne4 f5 21. Nc3 Bb7 22. Ra1 Bc6 23. Qd2 Kh7 24. Ra6 Qb7 25. Ra3 Ra8 26. Qc2 Rd8 27. Nb5 Ra8 28. Qb3 1/2-1/2

[Event "Pardubice Czech op 22nd"]
[Site "Pardubice"]
[Date "2011.07.28"]
[Round "7"]
[White "Biriukov, Oleg V"]
[Black "Looshnikov, Nikolai"]
[Result "1/2-1/2"]
[WhiteElo "2339"]
[BlackElo "2512"]
[PlyCount "36"]
[EventDate "2011.07.22"]
[EventType "swiss"]
[EventRounds "9"]
[EventCountry "CZE"]
[SourceTitle "CBM 143 Extra"]
[Source "ChessBase"]
[SourceDate "2011.08.29"]
[SourceVersion "1"]
[SourceVersionDate "2011.08.29"]
[SourceQuality "1"]

1. d4 Nf6 2. c4 g6 3. Nc3 Bg7 4. e4 d6 5. Nf3 0-0 6. Be2 Nbd7 7. 0-0 e5 8. Qc2 Nh5 9. Bg5 f6 10. Be3 Nf4 11. Bxf4 exf4 12. Rad1 Kh8 13. b4 a5 14. a3 axb4 15. axb4 f5 16. e5 dxe5 17. dxe5 Re8 18. Nb5 Re7 1/2-1/2

[Event "Pardubice Czech op 22nd"]
[Site "Pardubice"]
[Date "2011.07.26"]
[Round "5"]
[White "Biriukov, Oleg V"]
[Black "Pfretzschner, Roland"]
[Result "1-0"]
[WhiteElo "2339"]
[BlackElo "2240"]
[PlyCount "81"]
[EventDate "2011.07.22"]
[EventType "swiss"]
[EventRounds "9"]
[EventCountry "CZE"]
[SourceTitle "CBM 143 Extra"]
[Source "ChessBase"]
[SourceDate "2011.08.29"]
[SourceVersion "1"]
[SourceVersionDate "2011.08.29"]
[SourceQuality "1"]

1. d4 Nf6 2. c4 e6 3. Nc3 Bb4 4. Qc2 d5 5. cxd5 Qxd5 6. e3 c5 7. Bd2 Bxc3 8. Bxc3 cxd4 9. Bxd4 Nc6 10. Bc3 0-0 11. Nf3 Rd8 12. Be2 Qe4 13. Rc1 Qxc2 14. Rxc2 Ne4 15. Ne5 Bd7 16. Nxc6 Bxc6 17. Bd4 Nd6 18. 0-0 Bb5 19. Bxb5 Nxb5 20. Be5 f6 21. Bg3 e5 22. f4 exf4 23. Bxf4 Rd3 24. a4 Nd6 25. Rc7 Rd8 26. Bxd6 R8xd6 27. Rxb7 Rc6 28. h3 Rc2 29. Rf3 Rdd2 30. Rg3 g5 31. h4 Rd1+ 32. Kh2 Rc4 33. hxg5 f5 34. g6 Rh4+ 35. Rh3 Rxh3+ 36. Kxh3 hxg6 37. Rxa7 Rd3 38. b4 Rxe3+ 39. Kh2 Kf8 40. a5 Ke8 41. a6 1-0